| 000 | 00733nam a2200181Ia 4500 | ||
|---|---|---|---|
| 008 | 100920s9999 xx 000 0 und d | ||
| 082 |
_b18158 _a410 थ 58 |
||
| 100 | _aमंगरुळकर अरविन्द./ अर्जुनवाडकर कृष्ण श्रीनीवास | ||
| 245 | _aमराठी घटना,रचना,परंपरा. | ||
| 260 |
_bदेशमुख प्रकाशन , पुणे. _c1958 |
||
| 300 |
_a552 _bसाधी |
||
| 365 | _b5 | ||
| 520 | _aभाषा. | ||
| 630 | _aमराठी घटना,रचना,परंपरा. | ||
| 650 | _aभाषा. | ||
| 730 | _aमराठी घटना,रचना,परंपरा. | ||
| 942 | _cBOOK | ||
| 999 |
_c679982 _d679979 |
||